000 nam a22 7a 4500
999 _c44174
_d44174
003 OSt
005 20180505095955.0
008 180505b xxu||||| |||| 00| 0 eng d
040 _cIIMT UNIVERSITY, MEERUT
050 _a625.125CHI
_b361
082 _24TH
_a625.125CHI
_b361
100 _aCHIARA, CROSBIE
245 _aTIME SAVERS STANDARDS
250 _a4th
260 _aM G H, DELHI
_bM G H
_c2017
300 _b4TH.ED.
760 _b4TH ED.
856 _3PAPERBACK
887 _2ACCESSION REGISTER
942 _2ddc
_c01
_e4TH ED.
_k720.235CHI
_m720.235CHI